| 000 | 00000nam 2200000zi 4500 |
| 001 | 9.897187 |
| 003 | CaOODSP |
| 005 | 20240403131935 |
| 006 | m o d f |
| 007 | cr |n||||||||| |
| 008 | 210305e198703##onc|||| ob f00| 0|eng d |
| 040 | |aCaOODSP|beng|erda|cCaOODSP |
| 043 | |an-cn--- |
| 086 | 1 |aC23-235/1987E-PDF |
| 100 | 1 |aTaylor, Douglas, |eauthor. |
| 245 | 10|aUNCTAD and trade in services / |cby Douglas Taylor. |
| 246 | 3 |aUnited Nations Conference on Trade and Development and trade in services |
| 264 | 1|a[Ottawa] : |bDepartment of Regional Industrial Expansion, |cMarch 1987. |
| 300 | |a1 online resource (39 pages) |
| 336 | |atext|btxt|2rdacontent |
| 337 | |acomputer|bc|2rdamedia |
| 338 | |aonline resource|bcr|2rdacarrier |
| 490 | 0 |aSeries on trade in services |
| 500 | |aDigitized edition from print [produced by Innovation, Science and Economic Development Canada]. |
| 504 | |aIncludes bibliographical references (pages 38-39). |
| 650 | 0|aService industries|xEconomic aspects|zCanada. |
| 650 | 0|aInternational trade. |
| 650 | 6|aServices (Industrie)|xAspect économique|zCanada. |
| 650 | 6|aCommerce international. |
| 710 | 1 |aCanada. |bDepartment of Regional Industrial Expansion, |eissuing body. |
| 856 | 40|qPDF|s1.25 MB|uhttps://publications.gc.ca/collections/collection_2024/isde-ised/c23/C23-235-1987-eng.pdf |